[Event "52nd National Challengers (National â€˜Bâ€™) Chess Cha"]
[Site "Indoor Stadium,Dharamshala,Himachal Pradesh,India"]
[Date "2014.05.09"]
[Round "1"]
[Board "1"]
[White "Srivastava, Mithilesh Kumar"]
[Black "Vidit, Santosh Gujrathi"]
[Result "0-1"]
[WhiteElo "1943"]
[BlackElo "2606"]
[PlyCount "54"]
[EventDate "2014.05.09"]
[EventRounds "13"]
[EventCountry "IND"]

1. e4 c5 2. c3 d5 3. exd5 Qxd5 4. Nf3 Nc6 5. d4 Bf5 6. Be3 Nf6 7. Nbd2 cxd4 8.
Bc4 dxe3 9. Bxd5 exd2+ 10. Qxd2 O-O-O 11. c4 e6 12. Qf4 Bb4+ 13. Ke2 Bd6 14.
Qg5 h6 15. Qxg7 Nh5 16. Qxf7 Nf4+ 17. Kf1 Bd3+ 18. Kg1 exd5 19. g3 Rhf8 20. Qg7
Ne2+ 21. Kg2 Be4 22. Rhe1 Bxf3+ 23. Kf1 Bc5 24. cxd5 Rxd5 25. Qxh6 Rh5 26. Qe6+
Kb8 27. Qxe2 Bxe2+ 0-1

[Event "52nd National Challengers (National â€˜Bâ€™) Chess Cha"]
[Site "Indoor Stadium,Dharamshala,Himachal Pradesh,India"]
[Date "2014.05.09"]
[Round "1"]
[Board "2"]
[White "Sethuraman, S.P."]
[Black "Aishwin, Daniel"]
[Result "1-0"]
[WhiteElo "2582"]
[BlackElo "1942"]
[PlyCount "65"]
[EventDate "2014.05.09"]
[EventRounds "13"]
[EventCountry "IND"]

1. d4 d5 2. c4 c6 3. Nc3 Nf6 4. e3 e6 5. Nf3 Nbd7 6. Bd3 dxc4 7. Bxc4 b5 8. Bd3
a6 9. e4 c5 10. d5 Bb7 11. O-O Qc7 12. dxe6 fxe6 13. Bc2 Be7 14. Ng5 Qc6 15.
Qf3 h6 16. Qh3 Nf8 17. f4 Rg8 18. Nf3 O-O-O 19. Be3 Kb8 20. Ne5 Qc7 21. Nf7 Re8
22. e5 Nd5 23. Ne4 Nxe3 24. Qxe3 g5 25. fxg5 hxg5 26. Nfd6 Rd8 27. a4 b4 28.
Rf7 Ng6 29. Nxc5 Nxe5 30. Rxe7 Qxe7 31. Ndxb7 Nc4 32. Nxd8 Rxd8 33. Nxa6+ 1-0

[Event "52nd National Challengers (National â€˜Bâ€™) Chess Cha"]
[Site "Indoor Stadium,Dharamshala,Himachal Pradesh,India"]
[Date "2014.05.09"]
[Round "1"]
[Board "3"]
[White "Harsh, Mangesh Ghag"]
[Black "Lalith, Babu M.R."]
[Result "0-1"]
[WhiteElo "1942"]
[BlackElo "2571"]
[PlyCount "88"]
[EventDate "2014.05.09"]
[EventRounds "13"]
[EventCountry "IND"]

1. d4 Nf6 2. c4 e6 3. Nc3 Bb4 4. Qc2 d5 5. a3 Bxc3+ 6. Qxc3 O-O 7. Nf3 b6 8. e3
Ba6 9. b3 Nbd7 10. Bd3 c5 11. O-O Rc8 12. Bb2 cxd4 13. exd4 dxc4 14. bxc4 Bxc4
15. Bxc4 b5 16. Rac1 bxc4 17. Rfe1 Nd5 18. Qd2 Rc6 19. Bc3 Qc7 20. Ne5 Nxe5 21.
Rxe5 Qe7 22. Bb4 c3 23. Bxc3 Qxa3 24. Bb2 Rxc1+ 25. Qxc1 Qd3 26. Re1 Rb8 27. h4
h6 28. Rd1 Qe4 29. g3 Rb3 30. Re1 Qd3 31. Qc8+ Kh7 32. Qc1 a5 33. Rd1 Qf5 34.
Qd2 Nf6 35. Qe2 Ne4 36. Kg2 Nxf2 37. Qxf2 Qxf2+ 38. Kxf2 Rxb2+ 39. Ke3 Rb3+ 40.
Kf4 Rb4 41. Ke3 Rb5 42. Ke4 Kg6 43. g4 h5 44. g5 Rb3 0-1

[Event "52nd National Challengers (National â€˜Bâ€™) Chess Cha"]
[Site "Indoor Stadium,Dharamshala,Himachal Pradesh,India"]
[Date "2014.05.09"]
[Round "1"]
[Board "4"]
[White "Sengupta, Deep"]
[Black "Neelash, Saha"]
[Result "1-0"]
[WhiteElo "2536"]
[BlackElo "1937"]
[PlyCount "73"]
[EventDate "2014.05.09"]
[EventRounds "13"]
[EventCountry "IND"]

1. d4 Nf6 2. c4 g6 3. Nc3 Bg7 4. e4 d6 5. f3 c6 6. Be3 a6 7. Nge2 b5 8. Qd2
Nbd7 9. c5 dxc5 10. dxc5 e5 11. Rd1 Bb7 12. Nc1 Nf8 13. Qc2 Qc7 14. b4 a5 15.
a3 a4 16. Bxb5 Ne6 17. Bxa4 O-O 18. O-O Nh5 19. Qb2 Nd4 20. Bb3 Ba6 21. Rfe1
Nf4 22. Na4 Rad8 23. Nb6 Qe7 24. Bc4 Bxc4 25. Nxc4 Qg5 26. Kh1 Qh5 27. Qf2 f5
28. Bxf4 fxe4 29. g4 Qh3 30. Qg3 Qxg3 31. Bxg3 Nxf3 32. Rf1 Rd4 33. Na5 e3 34.
Nxc6 Rd2 35. Rxd2 exd2 36. Nb3 Nd4 37. Ne7+ 1-0

[Event "52nd National Challengers (National â€˜Bâ€™) Chess Cha"]
[Site "Indoor Stadium,Dharamshala,Himachal Pradesh,India"]
[Date "2014.05.09"]
[Round "1"]
[Board "5"]
[White "Lalawmpuia, "]
[Black "Venkatesh, M.R."]
[Result "0-1"]
[WhiteElo "1928"]
[BlackElo "2519"]
[PlyCount "30"]
[EventDate "2014.05.09"]
[EventRounds "13"]
[EventCountry "IND"]

1. e4 e5 2. d4 exd4 3. c3 Qe7 4. Bd3 d5 5. Qe2 dxe4 6. Bxe4 Nf6 7. f3 Nxe4 8.
fxe4 Nc6 9. Nf3 Bg4 10. O-O O-O-O 11. Bf4 f5 12. Nbd2 g5 13. Bxg5 Qxg5 14. Nxg5
Bxe2 15. Rxf5 dxc3 0-1

[Event "52nd National Challengers (National â€˜Bâ€™) Chess Cha"]
[Site "Indoor Stadium,Dharamshala,Himachal Pradesh,India"]
[Date "2014.05.09"]
[Round "1"]
[Board "6"]
[White "Deepan, Chakkravarthy J."]
[Black "Kevilekho, Zumvu"]
[Result "1/2-1/2"]
[WhiteElo "2513"]
[BlackElo "1920"]
[PlyCount "83"]
[EventDate "2014.05.09"]
[EventRounds "13"]
[EventCountry "IND"]

1. d4 Nf6 2. Nf3 g6 3. c4 Bg7 4. Nc3 d6 5. g3 O-O 6. Bg2 Nc6 7. O-O a6 8. d5
Na5 9. Nd2 c5 10. Qc2 Rb8 11. Rb1 Bd7 12. b3 b5 13. h3 Qc8 14. Kh2 e6 15. e4
Re8 16. f4 exd5 17. cxd5 b4 18. Nd1 Bb5 19. Nc4 Bxc4 20. bxc4 Nd7 21. Bb2 Nb6
22. Bxg7 Kxg7 23. Ne3 f6 24. h4 Qd7 25. Bh3 Qa4 26. Rb3 Re7 27. Be6 Nxb3 28.
axb3 Qe8 29. h5 a5 30. Ng4 gxh5 31. e5 Rxe6 32. dxe6 hxg4 33. exf6+ Kxf6 34.
Qb2+ Ke7 35. Qg7+ Kd8 36. f5 Qe7 37. f6 Qxe6 38. f7 Qe2+ 39. Kg1 Qe3+ 40. Kg2
Qe4+ 41. Kg1 Qe3+ 42. Kg2 1/2-1/2

[Event "52nd National Challengers (National â€˜Bâ€™) Chess Cha"]
[Site "Indoor Stadium,Dharamshala,Himachal Pradesh,India"]
[Date "2014.05.09"]
[Round "1"]
[Board "7"]
[White "Roop, Saurav"]
[Black "Debashis, Das"]
[Result "0-1"]
[WhiteElo "1919"]
[BlackElo "2501"]
[PlyCount "60"]
[EventDate "2014.05.09"]
[EventRounds "13"]
[EventCountry "IND"]

1. e4 c5 2. c3 Nf6 3. e5 Nd5 4. d4 cxd4 5. Nf3 e6 6. cxd4 d6 7. Bc4 Nc6 8. O-O
Be7 9. Qe2 O-O 10. Rd1 Na5 11. Bd3 Nb4 12. exd6 Qxd6 13. Be4 f5 14. Bd3 Nxd3
15. Rxd3 b6 16. b4 Nc4 17. Rb3 b5 18. Nbd2 Bb7 19. Nxc4 bxc4 20. Re3 Bd5 21.
Ne5 f4 22. Rh3 Rf5 23. Ba3 Rg5 24. g3 Rf8 25. Qc2 h6 26. Nxc4 fxg3 27. hxg3 Qf4
28. Ne3 Ba8 29. Rf1 Qf3 30. Qd1 Rxg3+ 0-1

[Event "52nd National Challengers (National â€˜Bâ€™) Chess Cha"]
[Site "Indoor Stadium,Dharamshala,Himachal Pradesh,India"]
[Date "2014.05.09"]
[Round "1"]
[Board "8"]
[White "Shyam, Sundar M."]
[Black "Melesayi, Dawhuo"]
[Result "1-0"]
[WhiteElo "2486"]
[BlackElo "1918"]
[PlyCount "67"]
[EventDate "2014.05.09"]
[EventRounds "13"]
[EventCountry "IND"]

1. e4 c5 2. Nf3 Nc6 3. Bb5 e6 4. O-O Nge7 5. b3 e5 6. Bb2 d6 7. c3 Bg4 8. d4 a6
9. Bc4 Bh5 10. Nxe5 dxe5 11. Qxh5 g6 12. Qf3 f5 13. dxc5 Qc7 14. Be6 f4 15. b4
Nd8 16. Bd5 Bg7 17. Nd2 h5 18. Nc4 Nf7 19. Bxf7+ Kxf7 20. Nd6+ Kg8 21. Rad1 Kh7
22. c4 Rhf8 23. Rd3 Nc6 24. a3 Nd4 25. Bxd4 exd4 26. e5 Bxe5 27. Nxb7 Rae8 28.
b5 Re7 29. c6 Qb6 30. a4 axb5 31. cxb5 Ra8 32. Qd1 Bb8 33. Rxd4 f3 34. Rd7 1-0

[Event "52nd National Challengers (National â€˜Bâ€™) Chess Cha"]
[Site "Indoor Stadium,Dharamshala,Himachal Pradesh,India"]
[Date "2014.05.09"]
[Round "1"]
[Board "9"]
[White "Ranjan, Rakesh"]
[Black "Kunte, Abhijit"]
[Result "0-1"]
[WhiteElo "1915"]
[BlackElo "2484"]
[PlyCount "56"]
[EventDate "2014.05.09"]
[EventRounds "13"]
[EventCountry "IND"]

1. e4 c5 2. Nf3 e6 3. d4 cxd4 4. Nxd4 a6 5. Nc3 Qc7 6. Be3 Bb4 7. Qd2 Nf6 8. f3
d5 9. exd5 Nxd5 10. Nde2 O-O 11. a3 Nxe3 12. Qxe3 Bc5 13. Qe4 Rd8 14. Rd1 Bd7
15. Qh4 Nc6 16. Ne4 Be7 17. Qg3 Ne5 18. N2c3 f5 19. Nf2 Bxa3 20. Bd3 Bxb2 21.
Ne2 Nxd3+ 22. Nxd3 Qxc2 23. Nxb2 Qxb2 24. Qh4 Qf6 25. Qb4 Bb5 26. Kf2 Rac8 27.
Rxd8+ Qxd8 28. Re1 Rc2 0-1

[Event "52nd National Challengers (National â€˜Bâ€™) Chess Cha"]
[Site "Indoor Stadium,Dharamshala,Himachal Pradesh,India"]
[Date "2014.05.09"]
[Round "1"]
[Board "10"]
[White "Karthikeyan, Murali"]
[Black "Prodip, Bhuyan"]
[Result "1-0"]
[WhiteElo "2475"]
[BlackElo "1911"]
[PlyCount "31"]
[EventDate "2014.05.09"]
[EventRounds "13"]
[EventCountry "IND"]

1. e4 c5 2. Nf3 d6 3. Bb5+ Nc6 4. O-O Bd7 5. Re1 e5 6. c3 Be7 7. d4 Bf6 8. Na3
a6 9. Bxc6 Bxc6 10. Nc4 exd4 11. cxd4 Be7 12. Bf4 b5 13. e5 dxe5 14. Ncxe5 Bxf3
15. Qxf3 Nf6 16. Nc6 1-0

[Event "52nd National Challengers (National â€˜Bâ€™) Chess Cha"]
[Site "Indoor Stadium,Dharamshala,Himachal Pradesh,India"]
[Date "2014.05.09"]
[Round "1"]
[Board "11"]
[White "Dhananjay, "]
[Black "Grover, Sahaj"]
[Result "0-1"]
[WhiteElo "1905"]
[BlackElo "2469"]
[PlyCount "62"]
[EventDate "2014.05.09"]
[EventRounds "13"]
[EventCountry "IND"]

1. d4 f5 2. c4 Nf6 3. g3 g6 4. Bg2 Bg7 5. b3 d6 6. Bb2 c6 7. e3 a5 8. Ne2 Qc7
9. d5 O-O 10. O-O e5 11. dxe6 Bxe6 12. Qc2 Na6 13. a3 Nc5 14. Nd2 a4 15. b4 Nb3
16. Nxb3 axb3 17. Qc1 Qf7 18. c5 Bc4 19. Re1 dxc5 20. bxc5 Ne4 21. Bxg7 Kxg7
22. Bxe4 fxe4 23. Qb2+ Kg8 24. Nd4 Ra5 25. Rac1 Rxc5 26. Red1 Rh5 27. Rc3 Bd5
28. Nxb3 Qe6 29. Nc5 Qh3 30. f4 exf3 31. Qf2 Qxh2+ 0-1

[Event "52nd National Challengers (National â€˜Bâ€™) Chess Cha"]
[Site "Indoor Stadium,Dharamshala,Himachal Pradesh,India"]
[Date "2014.05.09"]
[Round "1"]
[Board "12"]
[White "Vishnu, Prasanna. V"]
[Black "Rahul, Srivatshav P"]
[Result "1-0"]
[WhiteElo "2467"]
[BlackElo "1905"]
[PlyCount "145"]
[EventDate "2014.05.09"]
[EventRounds "13"]
[EventCountry "IND"]

1. c4 e5 2. Nc3 Nf6 3. Nf3 Nc6 4. g3 g6 5. Bg2 Bg7 6. d3 O-O 7. O-O d6 8. Rb1
Re8 9. Bg5 h6 10. Bxf6 Bxf6 11. b4 Ne7 12. b5 Bg7 13. Qb3 Be6 14. Nd2 Rb8 15.
Qa3 Nc8 16. Nb3 Bf8 17. Qc1 Nb6 18. a4 d5 19. cxd5 Nxd5 20. Rd1 Ba3 21. Qc2
Nxc3 22. Qxc3 Bxb3 23. Qxb3 Bd6 24. a5 Qe7 25. Rbc1 Red8 26. Rc2 Bc5 27. Bd5 b6
28. Rdc1 Bd6 29. Rc6 Kg7 30. Kg2 Rd7 31. a6 Rdd8 32. e4 h5 33. h4 Rd7 34. R1c4
g5 35. Qd1 Rh8 36. Qh1 Rg8 37. hxg5 Qxg5 38. Rc1 Kf8 39. Qh3 Re7 40. Rh1 Rh8
41. Qh4 Qxh4 42. Rxh4 f6 43. Rc1 Reh7 44. Rch1 Be7 45. g4 f5 46. Rxh5 Rxh5 47.
Rxh5 Rxh5 48. gxh5 f4 49. Kh3 Kg7 50. Kg4 Kf6 51. h6 Kg6 52. f3 Bf6 53. h7 Bg7
54. d4 Bh8 55. dxe5 Bxe5 56. h8=Q Bxh8 57. Kxf4 Bb2 58. e5 Bc1+ 59. Kg4 Bb2 60.
f4 Bc1 61. f5+ Kg7 62. f6+ Kg6 63. Be4+ Kf7 64. Kf5 Ba3 65. e6+ Kf8 66. e7+
Bxe7 67. fxe7+ Kxe7 68. Ke5 Kd7 69. Bf5+ Kd8 70. Kd5 Ke7 71. Kc6 Kd8 72. Kb7 c5
73. bxc6 1-0

[Event "52nd National Challengers (National â€˜Bâ€™) Chess Cha"]
[Site "Indoor Stadium,Dharamshala,Himachal Pradesh,India"]
[Date "2014.05.09"]
[Round "1"]
[Board "13"]
[White "Adithya, S"]
[Black "Thejkumar, M. S."]
[Result "0-1"]
[WhiteElo "1897"]
[BlackElo "2460"]
[PlyCount "106"]
[EventDate "2014.05.09"]
[EventRounds "13"]
[EventCountry "IND"]

1. d4 Nf6 2. Nf3 c5 3. e3 d5 4. c4 cxd4 5. exd4 Nc6 6. Nc3 Be6 7. Ne5 dxc4 8.
Nxc6 bxc6 9. Qa4 Qd7 10. Bxc4 Bxc4 11. Qxc4 e6 12. Be3 Rb8 13. O-O Be7 14. b3
O-O 15. Rac1 Rfc8 16. Na4 Nd5 17. Nc5 Qd8 18. Rfd1 Qa5 19. Nd7 Rb4 20. Qe2 Rb7
21. Nc5 Rb5 22. a4 Rbb8 23. Bd2 Qd8 24. Qa6 Bxc5 25. Rxc5 Rxb3 26. Rxc6 Rxc6
27. Qxc6 Rd3 28. Qc4 Nf4 29. d5 Rd4 30. Qa6 Nxd5 31. Kf1 Nc3 32. Bxc3 Rxd1+ 33.
Ke2 Rc1 34. Bd2 Rc2 35. Qd3 Qxd3+ 36. Kxd3 Rc6 37. Bc3 f6 38. Kc2 Kf7 39. Kb3
Ke7 40. Kb4 e5 41. Bd2 Kd7 42. Ka5 Kc7 43. Be3 Kb7 44. Kb5 Rc2 45. g3 f5 46.
Kb4 g5 47. Kb3 Re2 48. Kc3 f4 49. gxf4 gxf4 50. Bc5 e4 51. Kd4 e3 52. fxe3 f3
53. Kd3 Rc2 0-1

[Event "52nd National Challengers (National â€˜Bâ€™) Chess Cha"]
[Site "Indoor Stadium,Dharamshala,Himachal Pradesh,India"]
[Date "2014.05.09"]
[Round "1"]
[Board "14"]
[White "Roy Chowdhury, Saptarshi"]
[Black "Arun, Rathi"]
[Result "1-0"]
[WhiteElo "2453"]
[BlackElo "1897"]
[PlyCount "63"]
[EventDate "2014.05.09"]
[EventRounds "13"]
[EventCountry "IND"]

1. e4 c5 2. Nf3 Nc6 3. Bb5 g6 4. Bxc6 dxc6 5. h3 Bg7 6. d3 e5 7. Be3 b6 8. Qd2
Qc7 9. Nc3 Ne7 10. Bh6 O-O 11. Ne2 Be6 12. Ng3 Rad8 13. Bxg7 Kxg7 14. Qg5 f5
15. exf5 Nxf5 16. O-O Nd4 17. Nxd4 cxd4 18. Rae1 Bf5 19. f4 Rde8 20. fxe5 Rxe5
21. Qf4 Re7 22. Qxd4+ Kg8 23. Qc4+ Kg7 24. Rxe7+ Qxe7 25. Qxc6 Qe5 26. Qc3 Qxc3
27. bxc3 Rc8 28. Nxf5+ gxf5 29. c4 Kg6 30. Rb1 Kf6 31. Kf2 Ke5 32. c3 1-0

[Event "52nd National Challengers (National â€˜Bâ€™) Chess Cha"]
[Site "Indoor Stadium,Dharamshala,Himachal Pradesh,India"]
[Date "2014.05.09"]
[Round "1"]
[Board "15"]
[White "Diwan, Rajesh"]
[Black "Laxman, R.R."]
[Result "0-1"]
[WhiteElo "1895"]
[BlackElo "2450"]
[PlyCount "78"]
[EventDate "2014.05.09"]
[EventRounds "13"]
[EventCountry "IND"]

1. d4 Nf6 2. c4 e6 3. Nf3 d5 4. e3 c5 5. a3 Nc6 6. dxc5 Bxc5 7. b4 Bd6 8. c5
Bc7 9. Bb2 O-O 10. Bb5 a5 11. Qb3 axb4 12. Bxc6 bxc6 13. axb4 Rxa1 14. Bxa1 Ba6
15. Ne5 Qa8 16. Qb2 Rd8 17. Ng4 Ne8 18. h4 h5 19. Ne5 f6 20. Nf3 e5 21. Na3 Bd3
22. Qb3 Qa6 23. Kd2 Be4 24. Ne1 Kf8 25. f3 Bg6 26. Nec2 d4 27. e4 Bf7 28. Qd3
Qa4 29. Rb1 g6 30. Kc1 Ng7 31. g3 Ne6 32. Nc4 Nxc5 33. bxc5 Bxc4 34. Qd2 Kg7
35. g4 hxg4 36. fxg4 Bb5 37. h5 d3 38. Ne3 Ba5 39. Bc3 Qa3+ 0-1

[Event "52nd National Challengers (National â€˜Bâ€™) Chess Cha"]
[Site "Indoor Stadium,Dharamshala,Himachal Pradesh,India"]
[Date "2014.05.10"]
[Round "2"]
[Board "1"]
[White "Vidit, Santosh Gujrathi"]
[Black "Dhar, Rajib"]
[Result "1-0"]
[WhiteElo "2606"]
[BlackElo "2171"]
[PlyCount "109"]
[EventDate "2014.05.09"]
[EventRounds "13"]
[EventCountry "IND"]

1. Nf3 Nf6 2. c4 c5 3. Nc3 b6 4. d4 cxd4 5. Nxd4 Bb7 6. Bg5 d6 7. Bxf6 gxf6 8.
e4 e6 9. Be2 Nc6 10. O-O Rg8 11. Nxc6 Bxc6 12. f4 Qc7 13. f5 O-O-O 14. Nd5 exd5
15. cxd5 Bxd5 16. exd5 Bh6 17. a4 Be3+ 18. Kh1 Kb8 19. Bb5 Rg5 20. Qe2 Bc5 21.
Rf4 Rdg8 22. g3 a5 23. Bc6 h5 24. Raf1 Rg4 25. Rxg4 hxg4 26. Rf4 Qc8 27. Qe7
Qa6 28. Qxf7 Rc8 29. Bb5 Qb7 30. Qxb7+ Kxb7 31. Rxg4 Rf8 32. Rg7+ Kc8 33. h4
Rh8 34. Kg2 Bd4 35. b3 Be5 36. Kh3 Rh6 37. Kg4 Bd4 38. h5 Rh8 39. Bd7+ Kd8 40.
Be6 Ke8 41. Rd7 Be5 42. Rb7 Kf8 43. Kh4 Bd4 44. g4 Bf2+ 45. Kh3 Rh6 46. Kg2 Bd4
47. Kf3 Ke8 48. Ke4 Bf2 49. Kd3 Bg1 50. Kc4 Be3 51. Kb5 Bc5 52. Bf7+ Kd8 53.
Bg6 Kc8 54. Rf7 Rh8 55. Rxf6 1-0

[Event "52nd National Challengers (National â€˜Bâ€™) Chess Cha"]
[Site "Indoor Stadium,Dharamshala,Himachal Pradesh,India"]
[Date "2014.05.10"]
[Round "2"]
[Board "2"]
[White "Dusthageer, Ibrahim M."]
[Black "Sethuraman, S.P."]
[Result "0-1"]
[WhiteElo "2168"]
[BlackElo "2582"]
[PlyCount "94"]
[EventDate "2014.05.09"]
[EventRounds "13"]
[EventCountry "IND"]

1. e4 d5 2. exd5 Qxd5 3. Nc3 Qd6 4. d4 Nf6 5. Nf3 g6 6. Bc4 Bg7 7. h3 O-O 8.
Be3 a6 9. Ne5 Nc6 10. Nxc6 Qxc6 11. Be2 Rd8 12. Bf3 Qc4 13. Qe2 Qxe2+ 14. Kxe2
Be6 15. Rad1 c6 16. Na4 b5 17. Nc5 Bd5 18. Bf4 Bc4+ 19. Ke1 Nd5 20. Be3 Bxa2
21. b3 e5 22. Bxd5 exd4 23. Bxc6 Rac8 24. Nb7 Rf8 25. Bxd4 Bxd4 26. Rxd4 Rxc6
27. Kd2 Rfc8 28. Rd8+ Rxd8+ 29. Nxd8 Rd6+ 30. Kc3 Rxd8 31. Ra1 Bxb3 32. cxb3
Rd6 33. Ra2 Kg7 34. Kb4 Kf6 35. Re2 Rc6 36. Ka5 h5 37. b4 Kg5 38. g3 h4 39. f4+
Kf6 40. gxh4 Kf5 41. h5 gxh5 42. Re5+ Kxf4 43. Rxh5 f5 44. Rh8 Kg5 45. h4+ Kg6
46. h5+ Kg7 47. Rh6 Rf6 0-1

[Event "52nd National Challengers (National â€˜Bâ€™) Chess Cha"]
[Site "Indoor Stadium,Dharamshala,Himachal Pradesh,India"]
[Date "2014.05.10"]
[Round "2"]
[Board "3"]
[White "Lalith, Babu M.R."]
[Black "Joshi, Govind Ballabh"]
[Result "1-0"]
[WhiteElo "2571"]
[BlackElo "2158"]
[PlyCount "67"]
[EventDate "2014.05.09"]
[EventRounds "13"]
[EventCountry "IND"]

1. d4 d5 2. Nf3 Nf6 3. c4 e6 4. Nc3 c5 5. cxd5 Nxd5 6. e4 Nxc3 7. bxc3 cxd4 8.
cxd4 Bb4+ 9. Bd2 Bxd2+ 10. Qxd2 O-O 11. Bc4 Nd7 12. O-O b6 13. Rad1 Bb7 14.
Rfe1 Rc8 15. Bd3 Re8 16. h4 Nf8 17. h5 h6 18. Bb5 Re7 19. Ne5 Qd6 20. Ng4 f5
21. exf5 Qd5 22. Bf1 Qxf5 23. Qe2 Rec7 24. Ne3 Qg5 25. g3 Rd8 26. Rd2 Rf7 27.
Bg2 Bxg2 28. Kxg2 Rfd7 29. Red1 Nh7 30. d5 Qe5 31. Qc4 b5 32. Qb3 Ng5 33. Rd4
exd5 34. f4 1-0

[Event "52nd National Challengers (National â€˜Bâ€™) Chess Cha"]
[Site "Indoor Stadium,Dharamshala,Himachal Pradesh,India"]
[Date "2014.05.10"]
[Round "2"]
[Board "4"]
[White "Siva, Mahadevan"]
[Black "Sengupta, Deep"]
[Result "0-1"]
[WhiteElo "2158"]
[BlackElo "2536"]
[PlyCount "100"]
[EventDate "2014.05.09"]
[EventRounds "13"]
[EventCountry "IND"]

1. e4 c5 2. Nf3 e6 3. d4 cxd4 4. Nxd4 Nc6 5. Nc3 Qc7 6. Be2 a6 7. O-O Nf6 8.
Be3 Bb4 9. Na4 Be7 10. Nxc6 bxc6 11. Nb6 Rb8 12. Nxc8 Qxc8 13. e5 Nd5 14. Bc1
Bc5 15. c4 Ne7 16. b3 Qc7 17. Bb2 d6 18. exd6 Bxd6 19. g3 Be5 20. Qc2 c5 21.
Bf3 Bxb2 22. Qxb2 Nf5 23. Rad1 O-O 24. Be4 Nd4 25. Rxd4 cxd4 26. Qxd4 Rfc8 27.
Rc1 Qc5 28. Qxc5 Rxc5 29. Rc3 Kf8 30. a3 a5 31. f4 Ke7 32. Kf2 g5 33. Ke3 gxf4+
34. gxf4 Rh5 35. c5 Kd7 36. Kd4 Rxh2 37. Kc4 f5 38. Bf3 Rh4 39. c6+ Kc7 40. Kd4
Rb5 41. Ke3 e5 42. fxe5 Rxe5+ 43. Kf2 Rd4 44. Rc1 Rd2+ 45. Kg3 Re3 46. Kf4 Rxb3
47. Bh1 Rf2+ 48. Ke5 Re3+ 49. Kf6 f4 50. Bd5 Rd2 0-1

[Event "52nd National Challengers (National â€˜Bâ€™) Chess Cha"]
[Site "Indoor Stadium,Dharamshala,Himachal Pradesh,India"]
[Date "2014.05.10"]
[Round "2"]
[Board "5"]
[White "Venkatesh, M.R."]
[Black "Lakshmi Narayanan, Mv"]
[Result "1-0"]
[WhiteElo "2519"]
[BlackElo "2156"]
[PlyCount "57"]
[EventDate "2014.05.09"]
[EventRounds "13"]
[EventCountry "IND"]

1. Nf3 Nf6 2. g3 b6 3. Bg2 Bb7 4. d3 e6 5. Nbd2 Be7 6. O-O O-O 7. e4 d5 8. e5
Nfd7 9. Re1 c5 10. Nf1 Nc6 11. h4 Re8 12. N1h2 b5 13. Ng4 Rc8 14. Bf4 c4 15. d4
a5 16. c3 b4 17. Ng5 Nf8 18. Ne3 Na7 19. Qh5 g6 20. Qf3 h6 21. Nh3 h5 22. g4
Nb5 23. Rac1 a4 24. gxh5 Bxh4 25. Ng4 Nh7 26. Nh6+ Kg7 27. Nxf7 Qe7 28. Bh6+
Kg8 29. hxg6 1-0

[Event "52nd National Challengers (National â€˜Bâ€™) Chess Cha"]
[Site "Indoor Stadium,Dharamshala,Himachal Pradesh,India"]
[Date "2014.05.10"]
[Round "2"]
[Board "6"]
[White "Debashis, Das"]
[Black "Chakravarthi Reddy, M"]
[Result "1-0"]
[WhiteElo "2501"]
[BlackElo "2148"]
[PlyCount "69"]
[EventDate "2014.05.09"]
[EventRounds "13"]
[EventCountry "IND"]

1. e4 e6 2. d4 d5 3. Nd2 Nf6 4. e5 Nfd7 5. Bd3 c5 6. c3 cxd4 7. cxd4 Nc6 8.
Ngf3 f6 9. exf6 Qxf6 10. Nf1 Bb4+ 11. Bd2 O-O 12. Ne3 a5 13. Bxb4 axb4 14. O-O
Kh8 15. Bc2 Qe7 16. Re1 Nf6 17. Nf5 Qc7 18. Ng3 Bd7 19. Re2 Qf4 20. Qd3 g6 21.
Bb3 Na5 22. Rae1 Ng4 23. h3 Nf6 24. Ne5 Nc6 25. Nf3 b5 26. Qd1 Ra7 27. Re3 Ne8
28. Qc1 Nd6 29. Qc5 Nc4 30. Bxc4 bxc4 31. Ne5 Ra5 32. Qd6 Nxe5 33. dxe5 Qxf2+
34. Kh2 Rd8 35. Rf1 1-0

[Event "52nd National Challengers (National â€˜Bâ€™) Chess Cha"]
[Site "Indoor Stadium,Dharamshala,Himachal Pradesh,India"]
[Date "2014.05.10"]
[Round "2"]
[Board "7"]
[White "Anilkumar, O.T."]
[Black "Shyam, Sundar M."]
[Result "1/2-1/2"]
[WhiteElo "2154"]
[BlackElo "2486"]
[PlyCount "43"]
[EventDate "2014.05.09"]
[EventRounds "13"]
[EventCountry "IND"]

1. d4 d5 2. Nf3 Nf6 3. Bf4 c5 4. c3 Nc6 5. e3 Qb6 6. Qb3 c4 7. Qc2 Bf5 8. Qc1
e6 9. Nbd2 Rc8 10. Be2 h6 11. h3 Qd8 12. O-O b5 13. b3 Be7 14. a4 a6 15. axb5
axb5 16. bxc4 bxc4 17. Ra6 O-O 18. Qb2 Nb8 19. Ra7 Nc6 20. Ra6 Nb8 21. Ra7 Nc6
22. Ra6 1/2-1/2

[Event "52nd National Challengers (National â€˜Bâ€™) Chess Cha"]
[Site "Indoor Stadium,Dharamshala,Himachal Pradesh,India"]
[Date "2014.05.10"]
[Round "2"]
[Board "8"]
[White "Kunte, Abhijit"]
[Black "Singh, Arvinder Preet"]
[Result "1/2-1/2"]
[WhiteElo "2484"]
[BlackElo "2143"]
[PlyCount "94"]
[EventDate "2014.05.09"]
[EventRounds "13"]
[EventCountry "IND"]

1. d4 Nf6 2. Nf3 g6 3. Nbd2 d5 4. e3 Bg7 5. b4 O-O 6. Bb2 c6 7. c4 a5 8. b5
cxb5 9. cxb5 Bf5 10. Nh4 Bg4 11. Qb1 Nbd7 12. Bd3 Nb6 13. O-O Ne8 14. Nhf3 Nd6
15. Rc1 Bxf3 16. Nxf3 Ndc4 17. Bc3 Qd6 18. a4 Rfc8 19. Qb3 e6 20. h3 Rc7 21.
Be1 Rac8 22. Rc2 Bf8 23. Raa2 Qd8 24. e4 dxe4 25. Bxe4 Nd5 26. Bd3 Ndb6 27. Ra1
Qd5 28. Rd1 Bd6 29. Ra1 Bf8 30. Re2 Qd8 31. Rd1 Qd6 32. Ra2 Qd5 33. Nh2 h5 34.
Nf3 Ra8 35. Qb1 Na3 36. Qa1 Nac4 37. Rc1 Bb4 38. Rac2 Bxe1 39. Nxe1 Rac8 40.
Nf3 Qd6 41. Rc3 Qd8 42. Qa2 Ne5 43. Rxc7 Nxf3+ 44. gxf3 Rxc7 45. Rxc7 Qxc7 46.
Be4 Qd7 47. Qd2 Qc7 1/2-1/2

[Event "52nd National Challengers (National â€˜Bâ€™) Chess Cha"]
[Site "Indoor Stadium,Dharamshala,Himachal Pradesh,India"]
[Date "2014.05.10"]
[Round "2"]
[Board "9"]
[White "Ramakrishna, J."]
[Black "Karthikeyan, Murali"]
[Result "0-1"]
[WhiteElo "2143"]
[BlackElo "2475"]
[PlyCount "76"]
[EventDate "2014.05.09"]
[EventRounds "13"]
[EventCountry "IND"]

1. c4 e6 2. Nf3 Nf6 3. g3 d5 4. Bg2 Be7 5. O-O O-O 6. b3 d4 7. Bb2 Nc6 8. Na3
e5 9. Nc2 a5 10. d3 Bc5 11. a3 Re8 12. Qd2 Qd6 13. Ng5 Bf5 14. Ne4 Nxe4 15.
dxe4 Bg4 16. Ne1 d3 17. Qxd3 Rad8 18. Qxd6 Rxd6 19. Nf3 Bxf3 20. Bxf3 Rd2 21.
Rab1 Red8 22. e3 R2d3 23. Bd1 f6 24. Re1 Kf8 25. Kf1 Rd2 26. Be2 Be7 27. Red1
g6 28. Rxd2 Rxd2 29. Ke1 Rd8 30. Bd1 a4 31. b4 Nxb4 32. axb4 Bxb4+ 33. Kf1 a3
34. Ba1 a2 35. Rxb4 Rxd1+ 36. Ke2 Rxa1 37. Ra4 Ke7 38. h4 Kd6 0-1